000 01505nam a22002297a 4500
005 20100913113236.0
020 _a9788178847900
_c3000.00 (set of 3 vols.)
037 _bPansy Books
082 _a796.03
100 _aLaxman Singh
_919668
245 _aEncyclopaedia survey of commonwealth games /
_cby Laxman Singh
260 _aNew Delhi
_bCyber Tech Publications
_c2011
270 _bNew Delhi
_a4264/3, Ansari Road, Daryaganj,
_e110002
300 _a3V. (viii, 253p.; viii, 277p.; viii, 238p.) .
_c24cm(Hb)
490 _aIncludes bibliographical references and index
_919669
505 _av.1- Commonwealth games: peeping through history; v.2- Commonwealth games: glimpses of host citiesv; v.3-A look at 2010 commonwealth games
942 _2ddc
_cEN
_h796.03
_mLAX
999 _c45308
_d45308